| 000 | 01675nam1a2200337 i 4500 | ||
|---|---|---|---|
| 001 | RU\NLR\bibl\1958414 | ||
| 005 | 20260407142055.0 | ||
| 035 | _a(NLR Aleph) 001947464 | ||
| 090 |
_a3649166 _c3649166 |
||
| 100 | _a20121022d2011 k y0rusy50 ca | ||
| 101 | 0 | _arus | |
| 102 | _aRU | ||
| 105 | _a||||z ||||| | ||
| 200 | 1 |
_aОрганизация научно-исследовательской деятельности студентов в вузах России _eмонография _e[в 4 ч.] _fМ-во образования и науки Рос. Федерации, Федер. гос. бюджет. образоват. учреждение высш. проф. образования "Гос. ун-т упр." _gпод ред. д.э.н., проф. В.В. Балашова |
|
| 205 | _aИзд. 3-е, испр. и доп. | ||
| 210 |
_aМосква _cГУУ _d2011 |
||
| 215 | _d21 | ||
| 463 | 0 | _10011914761 | |
| 463 | 0 | _10011914766 | |
| 463 | 0 | _10011890860 | |
| 463 | 0 | _10011890879 | |
| 606 | 1 |
_aВысшие учебные заведения _xНаучно-исследовательская работа студентов _yРоссийская Федерация _92461747 _3RU\NLR\auth\661462697 |
|
| 686 | _aЧ482.268 | ||
| 702 | 1 |
_4340 _8rus _7ca _aБалашов _bВ.В. _gВладимир Владимирович _3RU\NLR\auth\772998 _9113005 |
|
| 712 | 0 | 2 |
_4570 _aГосударственный университет управления _cМосква _3RU\NLR\AUTH\8810011254 _9520215 |
| 801 | 0 |
_aRU _bNLR _c20121022 _gRCR |
|
| 801 | 1 |
_aRU _bNLR _c20121022 |
|
| 852 |
_aNLR _j2012-3/11420 |
||
| 942 | _cBOOK | ||